000 00638nam a2200277Ia 4500
005 20260324143350.0
008 008 260324s9999 xx 000 0 eng d
020 _a9781003555971
037 _aEBOOK
040 _aCRL
040 _beng
040 _cCRL
041 _2eng
041 _aeng
084 _qCRL
100 _aPeter Linehan
_91169465
245 0 _aPast and Present in Medieval Spain
260 _bTaylor and Francis
260 _c1992
365 _a
365 _b56.99
856 _uhttp://www.taylorfrancis.com/books/9781003555971
942 _cEBOOK
999 _c1820685
_d1820685